[Event "LYM - Open Général"]
[Site "Lausanne - Casino de Montbenon"]
[Date "2004.09.20"]
[Round "6"]
[White "Perruchoud, Pierre"]
[Black "Flumbort, Andras"]
[Result "0-1"]
[WhiteElo "2192"]
[BlackElo "2493"]
[PlyCount "88"]

1. d4 Nf6 2. Nf3 g6 3. c4 Bg7 4. Nc3 d5 5. cxd5 Nxd5 6. e4 Nxc3 7. bxc3 c5 8.
Be3 Qa5 9. Qd2 O-O 10. Rc1 Rd8 11. d5 e6 12. c4 Qxd2+ 13. Nxd2 b6 14. Be2 Na6
15. O-O Nb4 16. a3 Na2 17. Rc2 Nc3 18. Bd3 Ba6 19. Nb1 exd5 20. Nxc3 d4 21. Bg5
dxc3 22. Bxd8 Rxd8 23. Be2 Rd4 24. f3 Bxc4 25. Bxc4 Rxc4 26. Rb1 Ra4 27. Rb3 c4
28. Rbxc3 Bxc3 29. Rxc3 b5 30. Kf2 Ra6 31. Ke3 Rd6 32. g4 Rd1 33. h4 Kg7 34. g5
a6 35. Kf4 Rh1 36. Ke5 Rxh4 37. Kd6 Rh2 38. a4 Rh5 39. f4 h6 40. axb5 axb5 41.
Kc5 hxg5 42. Kxb5 gxf4+ 43. Kxc4 g5 44. Kd4 g4 0-1

[Event "LYM - Open Général"]
[Site "Lausanne - Casino de Montbenon"]
[Date "2004.09.20"]
[Round "6"]
[White "Cornette, Mathieu"]
[Black "Gaule, Patrick"]
[Result "1-0"]
[WhiteElo "2393"]
[BlackElo "2143"]
[PlyCount "103"]

1. e4 c5 2. Nf3 d6 3. d4 cxd4 4. Nxd4 Nf6 5. Nc3 a6 6. Be2 e5 7. Nb3 Be7 8. Bg5
Nbd7 9. a4 b6 10. Bc4 O-O 11. O-O Bb7 12. Qe2 Qc7 13. Rfd1 Rfc8 14. Nd2 h6 15.
Bxf6 Nxf6 16. Bb3 Qc5 17. Nc4 Re8 18. a5 b5 19. Nb6 Rad8 20. Qf3 Qb4 21. Nbd5
Bxd5 22. Nxd5 Nxd5 23. Rxd5 Rf8 24. Qd3 Kh8 25. f3 Rc8 26. Qd1 Rc5 27. Kf1 f5
28. c3 Rxd5 29. Qxd5 Qc5 30. exf5 Qxd5 31. Bxd5 Rb8 32. Ke2 Bf6 33. Rc1 Kh7 34.
Kd3 g6 35. Ke4 b4 36. fxg6+ Kxg6 37. c4 Rc8 38. Ra1 Bd8 39. Ra4 Rb8 40. Bc6 b3
41. Kd5 e4 42. Kxd6 exf3 43. Bxf3 Bf6 44. c5 Bxb2 45. c6 Kf6 46. Rf4+ Kg5 47.
g3 Ba3+ 48. Kd7 b2 49. h4+ Kg6 50. Be4+ Kg7 51. c7 Rb7 52. Bb1 1-0

[Event "LYM - Open Général"]
[Site "Lausanne - Casino de Montbenon"]
[Date "2004.09.20"]
[Round "7"]
[White "Burmakin, Vladimir"]
[Black "Akopian, Vladimir"]
[Result "1/2-1/2"]
[WhiteElo "2551"]
[BlackElo "2692"]
[PlyCount "41"]

1. d4 Nf6 2. Nf3 d5 3. c4 c6 4. e3 e6 5. Bd3 dxc4 6. Bxc4 Nbd7 7. O-O Bd6 8.
Nbd2 c5 9. dxc5 Bxc5 10. a3 a5 11. b3 O-O 12. Bb2 b6 13. Nd4 Bb7 14. Qe2 Qe7
15. Nb5 Rfd8 16. Rfd1 Nf8 17. Nf3 Ne4 18. Rxd8 Rxd8 19. Rd1 Rxd1+ 20. Qxd1 Qd7
21. Qxd7 1/2-1/2

[Event "LYM - Open Général"]
[Site "Lausanne - Casino de Montbenon"]
[Date "2004.09.20"]
[Round "7"]
[White "Petrosian, Tigran L."]
[Black "Pelletier, Yannick"]
[Result "1/2-1/2"]
[WhiteElo "2537"]
[BlackElo "2597"]
[PlyCount "90"]

1. Nf3 Nf6 2. g3 b6 3. Bg2 Bb7 4. O-O c5 5. d3 g6 6. e4 d6 7. Nc3 Bg7 8. Bg5
O-O 9. Qd2 Nc6 10. Rae1 Qd7 11. Nd5 Nxd5 12. exd5 Ne5 13. Nxe5 dxe5 14. c4 Rae8
15. Bh6 Bxh6 16. Qxh6 e6 17. dxe6 Rxe6 18. Bxb7 Qxb7 19. f4 Qd7 20. f5 Rf6 21.
Rxe5 Qxd3 22. b3 Qd4+ 23. Qe3 Qxe3+ 24. Rxe3 Rd8 25. Re7 a5 26. fxg6 Rxf1+ 27.
Kxf1 hxg6 28. Ke2 Kg7 29. Rb7 Rd6 30. Ke3 g5 31. Ke4 Kf6 32. h4 gxh4 33. gxh4
Rd4+ 34. Kf3 Rd6 35. Ke4 a4 36. Ke3 axb3 37. axb3 Kg6 38. h5+ Kxh5 39. Rxf7 Kg6
40. Rf8 Rf6 41. Rb8 Re6+ 42. Kd3 Kf7 43. Kc3 Ke7 44. Rb7+ Kd8 45. Rh7 Re7
1/2-1/2

[Event "LYM - Open Général"]
[Site "Lausanne - Casino de Montbenon"]
[Date "2004.09.20"]
[Round "7"]
[White "Pavlovic, Milos"]
[Black "Gallagher, Joseph"]
[Result "1-0"]
[WhiteElo "2498"]
[BlackElo "2541"]
[PlyCount "81"]

1. Nf3 Nf6 2. g3 g6 3. Bg2 Bg7 4. O-O O-O 5. c4 d6 6. Nc3 e5 7. d4 Nbd7 8. h3
a6 9. dxe5 dxe5 10. Qb3 c6 11. Rd1 Qe7 12. Be3 Ne8 13. Na4 Nc7 14. Rxd7 Qxd7
15. Nb6 Qe7 16. Nxa8 Nxa8 17. Rd1 h6 18. Ne1 f5 19. Nd3 Rd8 20. Bc5 Qd7 21. e4
Kh7 22. exf5 gxf5 23. f4 e4 24. Nf2 Qc7 25. Qc2 b6 26. Be3 Kh8 27. Rxd8+ Qxd8
28. g4 Qh4 29. Qd2 Qf6 30. b3 Nc7 31. Bxb6 Ne6 32. gxf5 Qxf5 33. Bxe4 Qf6 34.
Be3 c5 35. Ng4 Qa1+ 36. Kh2 Nd4 37. Ne5 Be6 38. Qg2 Nf5 39. Ng6+ Kh7 40. Ne7
Qf6 41. Bxc5 1-0

[Event "LYM - Open Général"]
[Site "Lausanne - Casino de Montbenon"]
[Date "2004.09.20"]
[Round "7"]
[White "Patuzzo, Fabrizio"]
[Black "Lazarev, Vladimir"]
[Result "0-1"]
[WhiteElo "2329"]
[BlackElo "2515"]
[PlyCount "141"]

1. Nf3 c5 2. c4 Nc6 3. g3 g6 4. Bg2 Bg7 5. O-O e5 6. Nc3 d6 7. d3 Nge7 8. Ne1
O-O 9. Nc2 Be6 10. Ne3 Qd7 11. Ned5 Bh3 12. Rb1 Bxg2 13. Kxg2 f5 14. f3 h6 15.
Nxe7+ Nxe7 16. e4 Rf7 17. Nd5 Nc6 18. Be3 Raf8 19. Qd2 g5 20. Bg1 Qe6 21. Ne3
Nd4 22. exf5 Nxf5 23. Nxf5 Qxf5 24. Qe2 Qd7 25. b3 b6 26. Qe4 d5 27. Qxd5 Qxd5
28. cxd5 Rd8 29. Rbd1 Rxd5 30. Kf2 Rfd7 31. Ke2 Kf7 32. Rd2 Ke6 33. Rc1 Bf6 34.
Be3 h5 35. Rc4 Rh7 36. h3 Be7 37. a4 Rf7 38. Rd1 Rd8 39. Bc1 Rdf8 40. Rf1 Kd5
41. Re4 a6 42. Bb2 Bd6 43. Bc1 Rg8 44. Bd2 b5 45. Ra1 Rgf8 46. Rf1 Bc7 47. Bc3
Bd6 48. Bd2 Rg8 49. Ra1 Rb7 50. axb5 axb5 51. Be3 Rf7 52. g4 Rh7 53. Rg1 hxg4
54. Rexg4 Rxh3 55. Bc1 Rh2+ 56. R1g2 Rxg2+ 57. Rxg2 Be7 58. Kd2 Rh8 59. Kc2 Rh5
60. Be3 Rh3 61. b4 cxb4 62. Bxg5 Bxg5 63. Rxg5 Rxf3 64. Rg4 Rf2+ 65. Kc1 Rf4
66. Rg3 Kd4 67. Kc2 Rf2+ 68. Kb3 Rd2 69. Rg8 Kxd3 70. Rd8+ Ke3 71. Re8 0-1

[Event "LYM - Open Général"]
[Site "Lausanne - Casino de Montbenon"]
[Date "2004.09.20"]
[Round "7"]
[White "Inkiov, Ventzilslav"]
[Black "Ginsburg, Gennadij"]
[Result "1-0"]
[WhiteElo "2502"]
[BlackElo "2511"]
[PlyCount "71"]

1. e4 c5 2. Nf3 e6 3. d4 cxd4 4. Nxd4 a6 5. Nc3 Qc7 6. g3 Bb4 7. Nde2 Nf6 8.
Bg2 Be7 9. O-O d6 10. h3 Nc6 11. g4 b5 12. Ng3 b4 13. Nce2 O-O 14. g5 Nd7 15.
f4 g6 16. f5 Re8 17. Nf4 Nc5 18. h4 Ne5 19. h5 Bf8 20. hxg6 hxg6 21. Ngh5 gxh5
22. Nxh5 Ncd7 23. Nf6+ Nxf6 24. gxf6 Qd8 25. Bg5 Bg7 26. Qh5 Bxf6 27. fxe6 Rxe6
28. Bxf6 Rxf6 29. Qg5+ Ng6 30. Rxf6 Qb6+ 31. Kh1 Kg7 32. Raf1 Bf5 33. Rxf7+
Kxf7 34. Rxf5+ Kg7 35. Qf6+ Kh6 36. Rf3 1-0

[Event "LYM - Open Général"]
[Site "Lausanne - Casino de Montbenon"]
[Date "2004.09.20"]
[Round "7"]
[White "Flumbort, Andras"]
[Black "Mamedjarova, Zeinab"]
[Result "0-1"]
[WhiteElo "2493"]
[BlackElo "2341"]
[PlyCount "102"]

1. Nf3 Nf6 2. c4 d6 3. d4 Nbd7 4. Nc3 e5 5. e4 Be7 6. Be2 O-O 7. O-O exd4 8.
Nxd4 Nc5 9. f3 a5 10. Be3 c6 11. Qd2 Qc7 12. Rfe1 Bd7 13. Bf1 Rad8 14. b3 Bc8
15. a3 Rfe8 16. Qf2 Nfd7 17. b4 axb4 18. axb4 Ne6 19. Nd5 cxd5 20. Nb5 d4 21.
Nxc7 dxe3 22. Qxe3 Nxc7 23. f4 f5 24. Qb3 fxe4 25. Rxe4 Nf6 26. Re2 d5 27. Rae1
Kf8 28. c5 Ne6 29. Re5 Nd4 30. Qb1 Nc6 31. Bb5 Bd7 32. R5e3 Ne4 33. Bd3 Nxb4
34. Bxe4 Bxc5 35. Bf5 Rxe3 36. Rxe3 Bxe3+ 37. Kh1 Bc5 38. Bxd7 Rxd7 39. Qf5+
Ke8 40. Qxh7 Kd8 41. Qf5 b6 42. g4 d4 43. Qe5 Kc8 44. Qe8+ Kc7 45. Qe5+ Kb7 46.
Qe4+ Nc6 47. Qd3 Kc7 48. f5 Nb4 49. Qg3+ Bd6 50. Qa3 d3 51. Qa7+ Kc8 0-1

[Event "LYM - Open Général"]
[Site "Lausanne - Casino de Montbenon"]
[Date "2004.09.20"]
[Round "7"]
[White "Midoux, Sebastien"]
[Black "Desboeufs, Michael"]
[Result "1-0"]
[WhiteElo "2304"]
[BlackElo "2110"]
[PlyCount "57"]

1. Nf3 c5 2. c4 Nc6 3. Nc3 Nf6 4. g3 e6 5. Bg2 d5 6. cxd5 exd5 7. d4 cxd4 8.
Nxd4 Qb6 9. Nxc6 bxc6 10. O-O Be7 11. Qc2 O-O 12. Be3 Qa5 13. a3 Rd8 14. Rfd1
Be6 15. b4 Qc7 16. Na4 Rac8 17. Rac1 Qb8 18. Bc5 Bxc5 19. Nxc5 Nd7 20. Nb3 Qb6
21. Qc3 h6 22. Rd2 Rc7 23. Bxd5 Nf6 24. Bxe6 Rxd2 25. Qxd2 fxe6 26. Nc5 Re7 27.
Qd6 Kf7 28. Nd3 Qa6 29. Ne5+ 1-0

[Event "LYM - Open Général"]
[Site "Lausanne - Casino de Montbenon"]
[Date "2004.09.20"]
[Round "7"]
[White "Meylan, Pierre"]
[Black "Ermeni, Avni"]
[Result "1/2-1/2"]
[WhiteElo "2113"]
[BlackElo "2265"]
[PlyCount "69"]

1. e4 Nf6 2. e5 Nd5 3. Nc3 Nb6 4. d4 d6 5. Nf3 Bg4 6. Be2 e6 7. O-O Be7 8. h3
Bh5 9. Bf4 d5 10. Nd2 Bg6 11. Nb3 N8d7 12. Bd3 a6 13. Ne2 c5 14. Nxc5 Nxc5 15.
dxc5 Bxc5 16. Bxg6 hxg6 17. Nd4 Qh4 18. Ne2 Rc8 19. c3 Nd7 20. Qb3 g5 21. Bg3
Qh5 22. Qxb7 Rb8 23. Qxa6 Rxb2 24. Nd4 O-O 25. Rab1 Rb6 26. Rxb6 Bxb6 27. Qb7
Bxd4 28. cxd4 Nb8 29. Rc1 Qe2 30. Rc8 Na6 31. Rxf8+ Kxf8 32. Qc8+ Ke7 33. Qb7+
Ke8 34. Qc8+ Ke7 35. Qb7+ 1/2-1/2

[Event "LYM - Open Général"]
[Site "Lausanne - Casino de Montbenon"]
[Date "2004.09.20"]
[Round "7"]
[White "Fargere, Jacky"]
[Black "Peric, Slavisha"]
[Result "1-0"]
[WhiteElo "2092"]
[BlackElo "2259"]
[PlyCount "65"]

1. e4 e6 2. d4 d5 3. Nc3 Nc6 4. Nf3 Nf6 5. Bg5 Be7 6. e5 Ne4 7. Bxe7 Qxe7 8.
Bd3 Ng5 9. Bb5 Nxf3+ 10. Qxf3 Qb4 11. Qd3 Qxb2 12. O-O Qa3 13. Rab1 Qa5 14. Rb3
O-O 15. Rfb1 Qb6 16. Ne2 Na5 17. R3b2 c6 18. Ba4 Qc7 19. c3 Nc4 20. Bc2 g6 21.
Rb3 b6 22. Nf4 c5 23. Nh5 f5 24. Nf6+ Kh8 25. Qh3 Nd2 26. Qh6 Ba6 27. Qxd2 Rac8
28. Ra3 Qb7 29. Ba4 cxd4 30. cxd4 Qe7 31. Rh3 Rf7 32. Qg5 Rc7 33. Qxg6 1-0